| 000 | 01172nam a22003017a 4500 | ||
|---|---|---|---|
| 005 | 20110613113350.0 | ||
| 008 | 110613t xxu||||| |||| 00| 0 eng d | ||
| 010 | _aENG-102585 | ||
| 020 |
_a9789380502519 _c880.00 |
||
| 035 | _aEN-86118 | ||
| 037 | _bDBAD / PUB | ||
| 040 |
_adpl _bEnglish |
||
| 082 | _a338.47629133340954 | ||
| 100 |
_928493 _aJasjit Singh |
||
| 110 | _928532 | ||
| 245 |
_aIndian aircraft industry / _cby Jasjit Singh |
||
| 260 |
_aNew Delhi _bKW Publishers in association with Centre for Air Power Studies _c2011 |
||
| 270 |
_a4676/21, First Floor, Ansari Road, Daryaganj _bNew Delhi _e110002 _k91.11.23263498/43528107 |
||
| 300 |
_axviii, 293 p. _c24cm (Hb) _bill. |
||
| 500 | _aIncludes bibliographical references and index. | ||
| 610 | _928529 | ||
| 650 |
_aAircraft industry _z India. _928580 |
||
| 651 | _928530 | ||
| 700 | _928520 | ||
| 710 |
_928535 _aCentre for Air Power Studies (New Delhi, India) |
||
| 942 |
_2ddc _cEN _h338.47629133340954 _mJAS |
||
| 999 |
_c52845 _d52845 |
||